[Event "Florianopolis op-A"]
[Site "Florianopolis"]
[Date "2023.09.23"]
[Round "4"]
[White "Silva, Henrique Brasil Bar"]
[Black "Eger, Laura Luisa"]
[Result "1-0"]
[WhiteElo "1695"]
[BlackElo "1828"]
[PlyCount "79"]
[EventDate "2023.09.22"]
[EventType "swiss"]
[EventRounds "6"]
[EventCountry "BRA"]
[SourceTitle "EXT 2024"]
[Source "ChessBase"]
[SourceDate "2023.10.10"]
[SourceVersion "1"]
[SourceVersionDate "2023.10.10"]
[SourceQuality "1"]

1. e4 e5 2. Nf3 Nc6 3. Bb5 a6 4. Ba4 Nf6 5. Qe2 b5 6. Bb3 Be7 7. c3 d6 8. h3 Na5 9. Bc2 c5 10. d3 Qc7 11. 0-0 0-0 12. Nbd2 Bd7 13. Rd1 Rab8 14. Nf1 c4 15. d4 b4 16. Ng3 Rfc8 17. Nf5 Bf8 18. g4 exd4 19. N3xd4 Re8 20. f3 d5 21. e5 Bxf5 22. Nxf5 Rbd8 23. f4 Ne4 24. Bxe4 dxe4 25. Nd4 Qb7 26. Be3 bxc3 27. bxc3 Qe7 28. Qg2 Qa3 29. Qc2 Rb8 30. Bc1 Qe7 31. Qxe4 Qh4 32. Qg2 Nb7 33. Nf5 Bc5+ 34. Kf1 Qf2+ 35. Qxf2 Bxf2 36. Kxf2 Nc5 37. Ke3 Nd3 38. Nd6 Red8 39. Nxc4 Nxe5 40. Rxd8+ 1-0

[Event "Florianopolis op-A"]
[Site "Florianopolis"]
[Date "2023.09.22"]
[Round "1"]
[White "Cordeiro, Marco Aurelio Zaror"]
[Black "Silva, Henrique Brasil Bar"]
[Result "1-0"]
[WhiteElo "2097"]
[BlackElo "1695"]
[PlyCount "67"]
[EventDate "2023.09.22"]
[EventType "swiss"]
[EventRounds "6"]
[EventCountry "BRA"]
[SourceTitle "EXT 2024"]
[Source "ChessBase"]
[SourceDate "2023.10.10"]
[SourceVersion "1"]
[SourceVersionDate "2023.10.10"]
[SourceQuality "1"]

1. e4 c6 2. d4 d5 3. f3 e6 4. Nc3 Bb4 5. Nge2 Ne7 6. a3 Bxc3+ 7. Nxc3 Nd7 8. Be3 Qc7 9. Be2 a6 10. 0-0 0-0 11. Qd2 Ng6 12. f4 f5 13. e5 b5 14. g4 Ne7 15. gxf5 Nxf5 16. Bf2 Bb7 17. Bg4 c5 18. Ne2 g6 19. c3 Qc6 20. Bf3 c4 21. h4 h5 22. Kh2 Kf7 23. Rg1 Rh8 24. Rg5 Rag8 25. Ng1 Nb6 26. Nh3 Nc8 27. Rag1 Nce7 28. Qe2 Ng7 29. f5 exf5 30. Be3 Ne6 31. R5g2 Bc8 32. Bg5 Nf8 33. Bf6 Nh7 34. Nf4 1-0

[Event "Hebraica op 31st"]
[Site "Hebraica"]
[Date "2023.06.30"]
[Round "2"]
[White "Silva, Henrique Brasil Bar"]
[Black "De Assis, Rubens Mesquita"]
[Result "1-0"]
[WhiteElo "1448"]
[BlackElo "1727"]
[PlyCount "99"]
[EventDate "2023.06.30"]
[EventType "swiss"]
[EventRounds "6"]
[EventCountry "BRA"]
[SourceTitle "CBM 215 Extra"]
[Source "ChessBase"]
[SourceDate "2023.09.30"]
[SourceVersion "1"]
[SourceVersionDate "2023.09.30"]
[SourceQuality "1"]

1. e4 e5 2. Nf3 Nc6 3. d4 exd4 4. Nxd4 Bc5 5. Nb3 Bb6 6. Nc3 Nf6 7. Qe2 d6 8. Be3 0-0 9. 0-0-0 Ng4 10. Bxb6 axb6 11. f3 Nge5 12. Kb1 Be6 13. Nd4 Nxd4 14. Rxd4 Nc6 15. Rd1 Qf6 16. Nd5 Bxd5 17. exd5 Ne5 18. Qe3 Rfe8 19. Qc3 Qf4 20. a3 Nd7 21. Bb5 Re3 22. Qxc7 Nc5 23. Qxb6 Qe5 24. f4 Qe7 25. Rhf1 g6 26. f5 f6 27. fxg6 hxg6 28. Bd3 Nxd3 29. Rxd3 Rxd3 30. cxd3 Qe2 31. Rxf6 Qxd3+ 32. Ka2 Qxd5+ 33. Qb3 Qxb3+ 34. Kxb3 Kg7 35. Rxd6 Kh6 36. Kb4 Re8 37. Rd2 Kg5 38. Rf2 Re5 39. Ka4 Rd5 40. b4 Kg4 41. b5 Rd4+ 42. Ka5 Rd5 43. a4 Rd6 44. Rc2 Kf4 45. Rc7 Rd2 46. Rxb7 Rxg2 47. Rh7 Ke5 48. b6 Kd6 49. b7 Rg5+ 50. Ka6 1-0

[Event "Araraquara op"]
[Site "Araraquara"]
[Date "2023.02.19"]
[Round "2.50"]
[White "Vogado, Hugo Leonardo Falca"]
[Black "Silva, Henrique Brasil Bar"]
[Result "1/2-1/2"]
[WhiteElo "1800"]
[BlackElo "1421"]
[PlyCount "114"]
[EventDate "2023.02.19"]
[EventType "swiss"]
[EventRounds "6"]
[EventCountry "BRA"]
[SourceTitle "CBM 213 Extra"]
[Source "ChessBase"]
[SourceDate "2023.05.31"]
[SourceVersion "1"]
[SourceVersionDate "2023.05.31"]
[SourceQuality "1"]

1. d4 d5 2. c4 c6 3. Nf3 a6 4. a4 Nf6 5. Nc3 Bf5 6. g3 e6 7. Bg2 h6 8. 0-0 Be7 9. b3 0-0 10. Bb2 Nbd7 11. Nd2 Re8 12. e4 dxe4 13. Ndxe4 Nxe4 14. Nxe4 Nf6 15. Re1 Bxe4 16. Bxe4 Nxe4 17. Rxe4 Bf6 18. Qe2 Qb6 19. Qc2 Rad8 20. a5 Qa7 21. c5 Qb8 22. Rae1 Qc7 23. b4 Rd5 24. f4 g6 25. Qc4 h5 26. Bc1 Red8 27. Be3 Bg7 28. Bf2 Kf8 29. Kg2 Ke7 30. h3 Kd7 31. g4 hxg4 32. hxg4 Kc8 33. Kf3 Rh8 34. Bg3 Qd7 35. Bf2 Kb8 36. Rg1 Bf6 37. g5 Bg7 38. Rg3 Rd8 39. Re5 Bxe5 40. fxe5 Rh8 41. Rg4 Qe7 42. Qe2 Rh5 43. Kf4 Rd8 44. Qe4 Qd7 45. Ke3 Rh3+ 46. Bg3 Qd5 47. Qxd5 cxd5 48. Ke2 Kc7 49. Be1 Kc6 50. Rf4 Rd7 51. Kd2 Rh2+ 52. Ke3 Rc2 53. Kd3 Rc4 54. Rh4 Rd8 55. Rh7 Rf8 56. Bc3 Kb5 57. Rh1 Re8 1/2-1/2